Successful writing at work (Record no. 4896)

000 -LEADER
fixed length control field 00633 a2200217 4500
020 ## - INTERNATIONAL STANDARD BOOK NUMBER
International Standard Book Number 0-618-48111-7
040 ## - CATALOGING SOURCE
Original cataloging agency DLC
Language of cataloging DLC
082 ## - DEWEY DECIMAL CLASSIFICATION NUMBER
Classification number 808.0666
100 1# - MAIN ENTRY--PERSONAL NAME
Personal name Kolin, Philip C.
245 10 - TITLE STATEMENT
Title Successful writing at work
Statement of responsibility, etc. Philip C. Kolin
250 ## - EDITION STATEMENT
Edition statement Consise ed.
260 ## - PUBLICATION, DISTRIBUTION, ETC.
Place of publication, distribution, etc. Boston :
Name of publisher, distributor, etc. Houghton Mifflin,
Date of publication, distribution, etc. c2006
300 ## - PHYSICAL DESCRIPTION
Extent xvii, 344 s. :
Other physical details ill.
650 #0 - SUBJECT ADDED ENTRY--TOPICAL TERM
Topical term or geographic name entry element English language
650 #0 - SUBJECT ADDED ENTRY--TOPICAL TERM
Topical term or geographic name entry element English language
General subdivision Business English
650 #0 - SUBJECT ADDED ENTRY--TOPICAL TERM
Topical term or geographic name entry element English language
General subdivision Technical English
650 #0 - SUBJECT ADDED ENTRY--TOPICAL TERM
Topical term or geographic name entry element Technical writing
650 #0 - SUBJECT ADDED ENTRY--TOPICAL TERM
Topical term or geographic name entry element Business writing
650 #0 - SUBJECT ADDED ENTRY--TOPICAL TERM
Topical term or geographic name entry element English language
General subdivision Business English
942 ## - ADDED ENTRY ELEMENTS (KOHA)
Koha item type Book
Call number prefix 808.0666 KOL
Source of classification or shelving scheme
Holdings
Withdrawn status Lost status Damaged status Not for loan Collection code Permanent Location Current Location Shelving location Date acquired Source of acquisition Cost, normal purchase price Total Checkouts Total Renewals Full call number Barcode Date last seen Date last checked out Price effective from Koha item type
          Central Library (CL) Central Library (CL) General Stacks 04/11/2007 Allied Book Company 3601.17 1 2 808.0666 KOL SEECS008352 01/14/2022 11/04/2021 01/05/2017 Book
          Central Library (CL) Central Library (CL) General Stacks 04/09/2007 Allied Book Company 7181.46     808.0666 KOL SEECS008322 11/14/2012   01/05/2017 Book
          Central Library (CL) Central Library (CL) General Stacks 04/11/2007 Allied Book Company 3601.17     808.0666 KOL SEECS008350 11/14/2012   01/05/2017 Book
          Central Library (CL) Central Library (CL) General Stacks 04/11/2007 Allied Book Company 3601.17 1   808.0666 KOL SEECS008351 06/02/2023 09/13/2022 01/05/2017 Book
© 2023 Central Library, National University of Sciences and Technology. All Rights Reserved.